|
|
|
|
| LEADER |
01022nam a2200349 4500 |
| 001 |
DLU120144541 |
| 005 |
##20121211 |
| 040 |
# |
# |
|a DLU
|b vie
|
| 041 |
# |
# |
|a vie
|
| 044 |
# |
# |
|a vn
|
| 082 |
# |
# |
|a 650.072
|b SA-M
|
| 100 |
# |
# |
|a Saunders, Mark.
|
| 245 |
# |
# |
|a Phương pháp nghiên cứu trong kinh doanh =
|b Research methods for business students /
|c Mark Saunders, Philip Lewis, Adrian Thornhill; Nguyễn Văn Dung dịch giả.
|
| 246 |
# |
# |
|a Research methods for business students
|
| 260 |
# |
# |
|a H. :
|b Tài chính,
|c 2010.
|
| 300 |
# |
# |
|a 710 tr. ;
|c 29 cm.
|
| 650 |
# |
# |
|a Kinh doanh
|x Nghiên cứu
|x Xử lý dữ liệu.
|
| 650 |
# |
# |
|a Kinh doanh
|x Nghiên cứu.
|
| 700 |
# |
# |
|a Lewis, Philip.
|
| 700 |
# |
# |
|a Nguyễn Văn Dung,
|e dịch giả.
|
| 700 |
# |
# |
|a Thornhill, Adrian.
|
| 923 |
# |
# |
|a 08/2012
|
| 991 |
# |
# |
|a SH
|
| 992 |
# |
# |
|a 285000
|
| 994 |
# |
# |
|a DLU
|
| 900 |
# |
# |
|a True
|
| 911 |
# |
# |
|a Đào Thị Thu Huyền
|
| 925 |
# |
# |
|a G
|
| 926 |
# |
# |
|a A
|
| 927 |
# |
# |
|a SH
|
| 980 |
# |
# |
|a Thư viện Trường Đại học Đà Lạt
|